Mixed Word: Cities Quiz Stats

 Plays Quiz Updated Feb 16, 2012

     
Support Sporcle.
Go Orange.
Score 0/10 Timer 02:00
0 Plays Today
Scrambled City Unscrambled City % Correct
YKOOTTokyo
98.8%
YYSNDESydney
86.1%
FNTKURAFRFrankfurt
83.5%
NNOOLDLondon
83.4%
CCOIAHGChicago
80%
KSAOAOsaka
77.7%
ULOSESeoul
73.3%
GNWHANISTOWashington
62.5%
IMMBAUMumbai
60.9%
IILSHENKHelsinki
54.4%

From the Vault

NFL Pro Bowl Kickers

by mabeuf

Sports 8m
It's too bad that Ray Finkle retired from the NFL in the '80s.
Remove Ads.
Support Sporcle.
Get the best of Sporcle when you Go Orange. This ad-free experience offers more features, more stats, and more fun while also helping to support Sporcle. Thank you for becoming a member.

Show Comments

Extras

Top Quizzes Today


Score Distribution

Your Account Isn't Verified!

In order to create a playlist on Sporcle, you need to verify the email address you used during registration. Go to your Sporcle Settings to finish the process.

Report this User

Report this user for behavior that violates our Community Guidelines.

Details: